| 000 | 00937nam a22002417a 4500 | ||
|---|---|---|---|
| 005 | 2012121304124.0 | ||
| 008 | 121213t xxu||||| |||| 00| 0 eng d | ||
| 010 | _aENG-106435 | ||
| 020 |
_a9788183244039 _c895.00 |
||
| 035 | _aEN-89968 | ||
| 037 | _bDBAD/PUB | ||
| 040 |
_aDPL _bEng |
||
| 082 | _a307.720954 | ||
| 100 |
_954274 _aDas, Samares Kumar |
||
| 245 |
_aLife in Sundarbans : _cby Samares Kumar Das [and] Hema Tripathi _ba participatory rural appraisal / |
||
| 260 |
_aNew Delhi _bMittal Publications _c2012 |
||
| 270 |
_a4594/9 Daryaganj _bNew Delhi _e110002 |
||
| 300 |
_axxxvii,202p. : _c23cm(Hb) _bcol. photos |
||
| 500 | _aIncludes bibliographical references and index | ||
| 700 |
_aTripathi, Hema _954301 |
||
| 942 |
_2ddc _cEN _h307.720954 _mDAS |
||
| 999 |
_c72149 _d72149 |
||